| 000 | 01083cam a2200337 i 4500 | ||
|---|---|---|---|
| 001 | 3670639 | ||
| 003 | ARRUPE | ||
| 005 | 20160920143909.0 | ||
| 008 | 770524s1976 enk b 001 0 eng | ||
| 010 | _a 77356700 | ||
| 015 | _aGB76-17306 | ||
| 020 |
_a071452512X : _c£4.95 |
||
| 040 |
_aDLC _cDLC _dDLC |
||
| 050 | 0 | 0 |
_aRA418 _b.I44 1976 |
| 082 | 0 | 0 | _a362.1 |
| 100 | 1 |
_aIllich, Ivan, _d1926-2002. _93524 |
|
| 240 | 1 | 0 | _aMedical nemesis |
| 245 | 0 | 0 |
_aLimits to medicine : _bmedical nemesis, the expropriation of health / _cIvan Illich. |
| 250 | _a[New ed.]. | ||
| 260 |
_aLondon : _bBoyars, _c1976. |
||
| 300 |
_aviii, 294 p. ; _c23 cm. |
||
| 500 | _aDefinitive version of Medical nemesis. | ||
| 504 | _aIncludes bibliographical references and indexes. | ||
| 650 | 0 |
_aSocial medicine. _925991 |
|
| 650 | 0 |
_aMedicine _xPhilosophy. _917118 |
|
| 650 | 0 |
_aMedical care. _925992 |
|
| 650 | 0 |
_aLatrogenic diseases. _925993 |
|
| 700 | 1 |
_aIllich, Ivan, _d1926-2002. _tMedical nemesis. _925994 |
|
| 906 |
_a7 _bcbc _corignew _d3 _encip _f19 _gy-gencatlg |
||
| 942 |
_2lcc _cMONOGRAPH |
||
| 999 |
_c125293 _d125293 |
||